[Event "GER-ch U12"]
[Site "Oberhof"]
[Date "2013.05.20"]
[Round "4"]
[White "Schulze, Lara"]
[Black "Zienert, Richard"]
[Result "0-1"]
[WhiteElo "1839"]
[BlackElo "1846"]
[PlyCount "116"]
[EventDate "2013.05.19"]
[EventType "swiss"]
[EventRounds "11"]
[EventCountry "GER"]
[SourceTitle "CBM 154 Extra"]
[Source "ChessBase"]
[SourceDate "2013.06.25"]
[SourceVersion "2"]
[SourceVersionDate "2013.06.25"]
[SourceQuality "1"]

1. d4 Nf6 2. c4 g6 3. Nc3 Bg7 4. e4 d6 5. Nf3 0-0 6. h3 e5 7. d5 a5 8. Be3 Na6 9. Be2 Nd7 10. g4 Ndc5 11. Nd2 b6 12. h4 Qe7 13. h5 Bd7 14. hxg6 fxg6 15. Nb3 a4 16. Nxc5 Nxc5 17. Qd2 Qf6 18. 0-0-0 Na6 19. Rh2 Rf7 20. Rdh1 Bf8 21. Bg5 Qh8 22. Qe3 a3 23. b3 Nb4 24. Rh3 Rb8 25. Qg3 Na6 26. Nd1 b5 27. Ne3 Nc5 28. Qg2 Be8 29. f3 Bd7 30. Qh2 Be7 31. Bh6 bxc4 32. Bxc4 Bc8 33. Nc2 Ba6 34. Bxa6 Nxa6 35. Nxa3 Nb4 36. Nb1 Rb5 37. Be3 Nd3+ 38. Kd1 Nf4 39. Bxf4 exf4 40. Qc2 Rc5 41. Qd2 Bf6 42. R3h2 Bd4 43. Qb4 Be3 44. Nd2 Qa1+ 45. Ke2 Qxa2 46. Kd3 Qc2+ 47. Ke2 Bxd2 48. Qxd2 Qxb3 49. Rc1 Qb5+ 50. Ke1 Rxc1+ 51. Qxc1 Qd3 52. Qd1 Qe3+ 53. Qe2 Qg1+ 54. Kd2 Rf8 55. Rg2 Qh1 56. Rh2 Qa1 57. Qd1 Qd4+ 58. Ke1 Qg1+ 0-1

[Event "GER-ch U12"]
[Site "Oberhof"]
[Date "2013.05.19"]
[Round "1"]
[White "Steffens, Oliver"]
[Black "Zienert, Richard"]
[Result "0-1"]
[WhiteElo "1432"]
[BlackElo "1846"]
[PlyCount "74"]
[EventDate "2013.05.19"]
[EventType "swiss"]
[EventRounds "11"]
[EventCountry "GER"]
[SourceTitle "CBM 154 Extra"]
[Source "ChessBase"]
[SourceDate "2013.06.25"]
[SourceVersion "2"]
[SourceVersionDate "2013.06.25"]
[SourceQuality "1"]

1. e4 c5 2. Nf3 d6 3. d3 Nc6 4. Nbd2 g6 5. c3 Bg7 6. g3 e6 7. Bg2 Nge7 8. 0-0 0-0 9. Qe2 b5 10. a4 b4 11. cxb4 Nxb4 12. Nc4 Ba6 13. Rd1 Rb8 14. Rb1 Na2 15. Bf4 Nc8 16. Qc2 Nb4 17. Qd2 Nc6 18. Rdc1 Rb4 19. b3 Na5 20. Qa2 Bxc4 21. bxc4 Nc6 22. Bd2 Rxb1 23. Rxb1 a5 24. Qb3 Nb4 25. Bxb4 axb4 26. Ne1 Qa5 27. f4 Bd4+ 28. Kf1 Nb6 29. Nc2 Bc3 30. e5 dxe5 31. Bc6 exf4 32. gxf4 Rd8 33. Ke2 Nc8 34. Ne3 Qc7 35. Bb5 Qxf4 36. Rh1 Bd4 37. Nd1 Qg4+ 0-1

[Event "GER-ch U12"]
[Site "Oberhof"]
[Date "2012.05.30"]
[Round "6"]
[White "Sieber, Fiona"]
[Black "Zienert, Richard"]
[Result "0-1"]
[WhiteElo "1820"]
[BlackElo "1649"]
[PlyCount "142"]
[EventDate "2012.05.27"]
[EventType "swiss"]
[EventRounds "11"]
[EventCountry "GER"]
[SourceTitle "CBM 148 Extra"]
[Source "ChessBase"]
[SourceDate "2012.06.22"]
[SourceVersion "1"]
[SourceVersionDate "2012.06.22"]
[SourceQuality "1"]

1. e4 c5 2. Nf3 e6 3. d4 cxd4 4. Nxd4 a6 5. Bd3 Qc7 6. 0-0 Nc6 7. Nxc6 dxc6 8. f4 Bc5+ 9. Kh1 b5 10. Nd2 h5 11. Qe2 Bb7 12. e5 Ne7 13. Ne4 Qb6 14. c3 Nd5 15. f5 0-0-0 16. fxe6 fxe6 17. Bg5 Rd7 18. Rf3 b4 19. cxb4 Nxb4 20. Bc4 Nd5 21. Rc1 Bd4 22. Nd6+ Kb8 23. Rb3 Qa5 24. Bd2 Qd8 25. Bxa6 Nb6 26. Bxb7 Rxb7 27. Nxb7 Kxb7 28. Qe4 Qd5 29. Qxd5 cxd5 30. Ba5 Ra8 31. Bxb6 Bxb6 32. a3 Ra4 33. Rb4 Rxb4 34. axb4 Bd4 35. Re1 Bxb2 36. Re3 Bd4 37. Rb3 Kb6 38. b5 Kc5 39. b6 Bxe5 40. b7 Bb8 41. Kg1 d4 42. Kf2 e5 43. Ke2 e4 44. Rb1 Kc6 45. h3 h4 46. Kd2 Bf4+ 47. Kd1 Bb8 48. Ke2 Kd5 49. Rc1 d3+ 50. Ke3 Ba7+ 51. Kd2 Kd4 52. Rc8 e3+ 53. Kd1 e2+ 54. Kd2 Bb6 55. b8Q Ba5+ 56. Kc1 e1Q+ 57. Kb2 Bc3+ 58. Kb3 Qd1+ 59. Ka3 Qa1+ 60. Kb3 Qb2+ 61. Ka4 Qa2+ 62. Kb5 Qb3+ 63. Kc6 Qxb8 64. Rxb8 d2 65. Rb5 Ke3 66. Rb1 Ke2 67. Kd5 d1Q+ 68. Rxd1 Kxd1 69. Ke4 Be1 70. Kf3 Bg3 71. Ke3 Ke1 0-1

[Event "GER-ch U12"]
[Site "Oberhof"]
[Date "2012.05.29"]
[Round "5"]
[White "Zienert, Richard"]
[Black "Poghosyan, Tigran"]
[Result "1/2-1/2"]
[WhiteElo "1649"]
[BlackElo "1860"]
[PlyCount "57"]
[EventDate "2012.05.27"]
[EventType "swiss"]
[EventRounds "11"]
[EventCountry "GER"]
[SourceTitle "CBM 148 Extra"]
[Source "ChessBase"]
[SourceDate "2012.06.22"]
[SourceVersion "1"]
[SourceVersionDate "2012.06.22"]
[SourceQuality "1"]

1. e4 c5 2. Nf3 d6 3. d4 cxd4 4. Nxd4 Nf6 5. Nc3 a6 6. Bg5 Nbd7 7. f4 Qc7 8. Bd3 e6 9. Qf3 Be7 10. 0-0-0 0-0 11. g4 b5 12. Nce2 Bb7 13. Bxf6 Nxf6 14. g5 Nd7 15. h4 Rfc8 16. h5 Nc5 17. g6 Bf6 18. gxh7+ Kh8 19. h6 g6 20. Qe3 Nxd3+ 21. Qxd3 Qc4 22. Qf3 e5 23. fxe5 Bg5+ 24. Kb1 dxe5 25. Qg3 Bf6 26. Qf3 Be7 27. b3 Qc7 28. Qxf7 Ba3 29. Qxg6 1/2-1/2